| 000 | 00620nam a2200217 u 4500 | ||
|---|---|---|---|
| 005 | 20210223130346.0 | ||
| 008 | 071205s2005 r 000 0 eng d | ||
| 020 | _a9700756432 | ||
| 035 | _aUPN01000153811 | ||
| 049 | _aCG | ||
| 050 | 4 |
_aKGF2569 _bG6.4 2005 |
|
| 100 | 1 | _aArellano García, Carlos | |
| 245 | 1 | 0 |
_aDerecho procesal civil / _cCarlos Arellano García. |
| 250 | _a10a ed. | ||
| 260 |
_aMéxico : _bPorrúa, _c2005. |
||
| 300 | _axv, 662 p. | ||
| 650 | 4 |
_aPROCEDIMIENTOS CIVILES - _zMEXICO _911740 |
|
| 650 | 4 | _aPROCEDIMIENTOS CIVILES | |
| 650 | 4 |
_aDERECHO PROCESAL - _zMEXICO _911735 |
|
| 905 | _aLibro | ||
| 999 |
_c125932 _d125932 |
||